Štátny a verejný dlh v súčasnosti bakalárska práca

Gespeichert in:
Bibliographische Detailangaben
1. Verfasser: Bálintová, Martina
Körperschaft: Národohospodárska fakulta EU. Katedra financií
Weitere Verfasser: Baláži, Peter
Format: Buch
Sprache:Slowakisch
Veröffentlicht: Bratislava 2011
Tags: Tag hinzufügen
Keine Tags, Fügen Sie das erste Tag hinzu!

MARC

LEADER 00000nbm a2200000 4500
001 0139913
005 20161109111653.7
041 0 |a slo 
044 |a SK 
245 1 0 |a Štátny a verejný dlh v súčasnosti  |b bakalárska práca  |c Martina Bálintová ; školiteľ: Peter Baláži 
264 1 |a Bratislava  |c 2011 
300 |a 31 s. 
100 1 |a Bálintová, Martina 
700 1 |a Baláži, Peter 
710 2 |a Národohospodárska fakulta EU. Katedra financií